Pro Sports Teams in New York, Massachusetts, New Jersey - Statistics

General Stats
  • This quiz has been taken 81 times
    80 since last reset
  • The average score is 16 of 18
Answer Stats
League Team % Correct
NFL New England Patriots
100%
NFL New York Giants
98%
NFL New York Jets
97%
NBA Boston Celtics
95%
NBA Brooklyn Nets
95%
NBA New York Knicks
95%
MLB New York Mets
95%
MLB New York Yankees
95%
NFL Buffalo Bills
94%
NHL New York Islanders
94%
MLB Boston Red Sox
91%
NHL New York Rangers
89%
NHL Boston Bruins
88%
NHL New Jersey Devils
88%
NHL Buffalo Sabres
83%
MLS New York City FC
65%
MLS New York Red Bulls
55%
MLS New England Revolution
52%
No matching quizzes found
Score Distribution
Percent of People with Each Score
Percentile by Number Answered
Your Score History
You have not taken this quiz since the last reset